书目信息 |
| 题名: |
人口-环境调控
|
|
| 作者: | 左玉辉 , 邓艳 , 柏益尧 著 | |
| 分册: | ||
| 出版信息: | 北京 科学出版社 2008.05 |
|
| 页数: | 235页 | |
| 开本: | 24cm | |
| 丛书名: | 环境调控丛书 | |
| 单 册: | ||
| 中图分类: | C924.2 | |
| 科图分类: | ||
| 主题词: | 人口--协调控制--研究--中国 | |
| 电子资源: | ||
| ISBN: | 978-7-03-021387-7 | |
| 000 | 01106oam2 2200277 450 | |
| 001 | 012004246049 | |
| 005 | 20100325102533.45 | |
| 010 | @a978-7-03-021387-7@dCNY38.00 | |
| 100 | @a20080310d2008 em y0chiy0110 ea | |
| 101 | 0 | @achi |
| 102 | @aCN@b110000 | |
| 105 | @aak z 000yy | |
| 106 | @ar | |
| 200 | 1 | @a人口-环境调控@9ren kou-huan jing tiao kong@f左玉辉, 邓艳, 柏益尧著 |
| 210 | @a北京@c科学出版社@d2008.05 | |
| 215 | @a235页@c图@d24cm | |
| 225 | 2 | @a环境调控丛书@v2 |
| 330 | @a本书是《环境调控丛书》之二。人口是环境调控的首要因素。对我国人口发展的远期规模进行合理定位、对人口发展战略进行科学调控,是有效进行环境调控的首要任务。本书通过五律解析,探求人口发展的一般规律;在总结我国人口发展特征的基础上,根据总和生育率的6种不同估计,分析21世纪我国人口发展前景;结合国内外人口调控实践经验,探讨我国人口调控策略。 | |
| 461 | 0 | @12001 @a环境调控丛书@v2 |
| 606 | 0 | @a人口@x协调控制@x研究@y中国 |
| 690 | @aC924.2@v4 | |
| 701 | 0 | @a左玉辉@9zuo yu hui@4著 |
| 701 | 0 | @a邓艳@9deng yan@4著 |
| 701 | 0 | @a柏益尧@9bai yi yao@4著 |
| 801 | 0 | @aCN@bNLC@c20100325 |
| 905 | @b799208-12@dC924.2@e74@f5 | |
| 人口-环境调控/左玉辉, 邓艳, 柏益尧著.-北京:科学出版社,2008.05 |
| 235页:图;24cm.-(环境调控丛书;2) |
| ISBN 978-7-03-021387-7:CNY38.00 |
| 本书是《环境调控丛书》之二。人口是环境调控的首要因素。对我国人口发展的远期规模进行合理定位、对人口发展战略进行科学调控,是有效进行环境调控的首要任务。本书通过五律解析,探求人口发展的一般规律;在总结我国人口发展特征的基础上,根据总和生育率的6种不同估计,分析21世纪我国人口发展前景;结合国内外人口调控实践经验,探讨我国人口调控策略。 |
| ● |
| 相关链接 |
|
|
|
|
正题名:人口-环境调控
索取号:C924.2/74
 
预约/预借
| 序号 | 登录号 | 条形码 | 馆藏地/架位号 | 状态 | 备注 |
| 1 | 799208 | 207992083 | 第一样本阅览室/ [索取号:C924.2/74] | 在馆 | |
| 2 | 799209 | 207992092 | 第一借阅区/ [索取号:C924.2/74] | 在馆 | |
| 3 | 799210 | 207992109 | 第一借阅区/ [索取号:C924.2/74] | 在馆 | |
| 4 | 799211 | 207992118 | 第一借阅区/ [索取号:C924.2/74] | 在馆 | |
| 5 | 799212 | 207992127 | 第一借阅区/ [索取号:C924.2/74] | 在馆 |